[Event "CAN-ch"]
[Site "Kingston CAN"]
[Date "2019.04.22"]
[Round "9.12"]
[White "Tanaka, Tyler"]
[Black "Hua, Eugene"]
[Result "1/2-1/2"]
[WhiteElo "2067"]
[BlackElo "2329"]
[PlyCount "65"]
[EventDate "2019.04.18"]
[EventType "swiss"]
[EventRounds "9"]
[EventCountry "CAN"]

1. e4 c5 2. Nf3 e6 3. d4 cxd4 4. Nxd4 Nc6 5. Nc3 Qc7 6. Be2 a6 7. O-O Nf6 8.
Be3 Bb4 9. Na4 Be7 10. Nxc6 bxc6 11. Nb6 Rb8 12. Nxc8 Qxc8 13. Bd4 c5 14. Be5
Rb6 15. Qd3 O-O 16. b3 d6 17. Bc3 Nd7 18. Qg3 Bf6 19. Bxf6 Nxf6 20. e5 dxe5 21.
Qxe5 Rd8 22. Rad1 Rd5 23. Qf4 h6 24. Bf3 e5 25. Qe3 Rxd1 26. Rxd1 Qc7 27. Qd3
Kf8 28. Qd8+ Qxd8 29. Rxd8+ Ke7 30. Rc8 Kd6 31. Rd8+ Ke7 32. Rc8 Kd6 33. Rd8+
1/2-1/2

[Event "CAN-ch"]
[Site "Kingston CAN"]
[Date "2019.04.22"]
[Round "9.13"]
[White "Wiebe, Isaac"]
[Black "Saha, Ananda"]
[Result "0-1"]
[WhiteElo "2053"]
[BlackElo "2073"]
[PlyCount "98"]
[EventDate "2019.04.18"]
[EventType "swiss"]
[EventRounds "9"]
[EventCountry "CAN"]

1. d4 Nf6 2. Bf4 g6 3. Nc3 d5 4. e3 Bg7 5. h4 c5 6. Nb5 Na6 7. Be2 O-O 8. c3
Bd7 9. a4 Qa5 10. dxc5 Ne4 11. Nf3 Bc6 12. O-O Qd8 13. Nbd4 Naxc5 14. Nxc6 bxc6
15. Ne5 Rc8 16. f3 Nd6 17. b4 Nd7 18. Nxd7 Qxd7 19. Rc1 Nf5 20. e4 e5 21. Bg5
Ng3 22. Ba6 Rb8 23. Re1 h6 24. Be3 Qd8 25. exd5 cxd5 26. Bf2 Qxh4 27. Bxg3 Qxg3
28. Qxd5 Rbd8 29. Qc5 Rd2 30. Re2 Rfd8 31. Qf2 Qg5 32. Rce1 Rxe2 33. Bxe2 e4
34. f4 Qf6 35. Rc1 Qe6 36. Qxa7 Qa2 37. Qe3 f5 38. a5 Kh7 39. a6 g5 40. fxg5
hxg5 41. Bf1 Kg6 42. b5 Be5 43. a7 Bf4 44. Qb6+ Rd6 45. Qc5 e3 46. Be2 Qxe2 47.
Rf1 Qh5 48. Rxf4 Rd1+ 49. Rf1 Rxf1+ 0-1

[Event "CAN-ch"]
[Site "Kingston CAN"]
[Date "2019.04.22"]
[Round "9.14"]
[White "Gordon, David"]
[Black "Demchenko, Svitlana"]
[Result "1/2-1/2"]
[WhiteElo "2185"]
[BlackElo "2135"]
[PlyCount "67"]
[EventDate "2019.04.18"]
[EventType "swiss"]
[EventRounds "9"]
[EventCountry "CAN"]

1. d4 d5 2. c4 c6 3. Nf3 Nf6 4. Nc3 e6 5. Bg5 Nbd7 6. cxd5 cxd5 7. e3 Qa5 8.
Bd3 Ne4 9. O-O Nxc3 10. bxc3 Bd6 11. c4 dxc4 12. Bxc4 O-O 13. e4 Bxh2+ 14. Kh1
Bc7 15. e5 b5 16. Bd2 Qb6 17. Bd3 f5 18. Rb1 a6 19. Be3 Qa5 20. Ng5 Nb6 21. Qh5
h6 22. Nh3 Rf7 23. Bxh6 gxh6 24. Qxh6 Qa3 25. Ng5 Rg7 26. Rb3 Qe7 27. f4 Kf8
28. Nh7+ Kg8 29. Nf6+ Kf7 30. Qh5+ Kf8 31. Qh8+ Kf7 32. Qh5+ Kf8 33. Qh8+ Kf7
34. Qh5+ 1/2-1/2

[Event "CAN-ch"]
[Site "Kingston CAN"]
[Date "2019.04.22"]
[Round "9.15"]
[White "Kang, Dorian"]
[Black "Chen, Max"]
[Result "1/2-1/2"]
[WhiteElo "2035"]
[BlackElo "2070"]
[PlyCount "41"]
[EventDate "2019.04.18"]
[EventType "swiss"]
[EventRounds "9"]
[EventCountry "CAN"]

1. a3 b6 2. e4 a6 3. d4 Bb7 4. Nc3 e6 5. Nf3 d5 6. Bd3 dxe4 7. Nxe4 Be7 8. O-O
Nf6 9. Qe2 Nbd7 10. Ng3 c5 11. dxc5 Nxc5 12. Bc4 Qc7 13. Rd1 O-O 14. a4 Rac8
15. Qe5 Qxe5 16. Nxe5 Rfd8 17. Bd2 Bd6 18. Nd3 Nxa4 19. Rxa4 b5 20. Bxb5 axb5
21. Ra7 1/2-1/2

[Event "CAN-ch"]
[Site "Kingston CAN"]
[Date "2019.04.22"]
[Round "9.16"]
[White "Huang, Qiuyu"]
[Black "Desforges, Jean"]
[Result "1/2-1/2"]
[WhiteElo "2145"]
[BlackElo "2235"]
[PlyCount "35"]
[EventDate "2019.04.18"]
[EventType "swiss"]
[EventRounds "9"]
[EventCountry "CAN"]

1. e4 e5 2. Nf3 Nc6 3. Bc4 Nf6 4. d3 Bc5 5. c3 Bb6 6. O-O O-O 7. Bg5 h6 8. Bh4
d6 9. Bb3 Bg4 10. Nbd2 g5 11. Bg3 Nh5 12. Kh1 Kg7 13. h3 Be6 14. Ng1 Nf4 15.
Bxf4 gxf4 16. Bxe6 fxe6 17. Qg4+ Qg5 18. Qxe6 1/2-1/2

[Event "CAN-ch Seniors 50+"]
[Site "Guelph CAN"]
[Date "2019.08.02"]
[Round "1"]
[White "Mohammed Qanee, Arpak Worya"]
[Black "Litchfield, Gerry"]
[Result "1/2-1/2"]
[WhiteElo "2197"]
[BlackElo "1618"]
[PlyCount "96"]
[EventDate "2019.08.02"]
[EventType "swiss"]
[EventRounds "7"]
[EventCountry "CAN"]

1. e4 c5 2. Nf3 e6 3. d4 cxd4 4. Nxd4 a6 5. g3 d6 6. Bg2 Nf6 7. O-O Be7 8. c4
O-O 9. Nc3 Qc7 10. Qe2 Bd7 11. Be3 Nc6 12. Rac1 Rac8 13. b3 Qb8 14. a4 Bd8 15.
Rfd1 Ba5 16. Bg5 Bd8 17. Nxc6 Bxc6 18. Qd2 Be7 19. Bxf6 Bxf6 20. Qxd6 Qxd6 21.
Rxd6 Rfd8 22. Rxd8+ Rxd8 23. Rd1 Rxd1+ 24. Nxd1 Bd4 25. Kf1 Kf8 26. Ke2 Ke7 27.
Kd3 e5 28. f3 Kd6 29. Ne3 Bxe3 30. Kxe3 Kc5 31. Kd3 a5 32. Bh3 b6 33. Kc3 Bb7
34. Bd7 Ba8 35. Be8 f6 36. Bf7 Bc6 37. Bd5 Bd7 38. f4 Bg4 39. h4 Bf3 40. fxe5
fxe5 41. Bb7 h6 42. Bd5 g5 43. Bb7 gxh4 44. gxh4 Bg4 45. Bd5 Bf3 46. Ba8 Bg4
47. Bb7 Bf3 48. Bd5 Bg4 1/2-1/2

[Event "CAN-ch Seniors 50+"]
[Site "Guelph CAN"]
[Date "2019.08.03"]
[Round "2"]
[White "Litchfield, Gerry"]
[Black "Ghaytasvand, Parviz"]
[Result "0-1"]
[WhiteElo "1618"]
[BlackElo "1979"]
[PlyCount "164"]
[EventDate "2019.08.02"]
[EventType "swiss"]
[EventRounds "7"]
[EventCountry "CAN"]

1. b3 e5 2. Bb2 Nc6 3. c4 Bc5 4. e3 Nf6 5. a3 a5 6. Qc2 O-O 7. d3 d5 8. cxd5
Qxd5 9. Nf3 Bg4 10. Be2 Rfe8 11. O-O Rad8 12. Nc3 Qd7 13. Rfd1 Bd6 14. Rac1 Qe7
15. Nb5 Nd7 16. Nxd6 cxd6 17. Qc4 Nf8 18. Qxg4 f6 19. Nh4 Kh8 20. Nf5 Qf7 21.
Qc4 d5 22. Qb5 Qd7 23. Ng3 Ng6 24. Bh5 Re7 25. Bxg6 hxg6 26. h3 Qe6 27. Rc5
Red7 28. d4 e4 29. Qe2 Kg8 30. Rdc1 Kf7 31. f3 f5 32. fxe4 fxe4 33. Qg4 Qe7 34.
Rf1+ Kg8 35. Qxg6 Rd6 36. Qg4 Qe8 37. Rf5 Ne7 38. Rg5 g6 39. Ne2 Qd7 40. Qxd7
R8xd7 41. Nf4 Kg7 42. Rxa5 Kh6 43. Re5 g5 44. Re6+ Kg7 45. Rxd6 Rxd6 46. Nh5+
Kf7 47. g4 b6 48. Rb5 Rc6 49. a4 Rc2 50. Ba3 Ng6 51. Rxb6 Nh4 52. Rf6+ Ke8 53.
Rf2 Rc3 54. Nf6+ Kd8 55. Nxd5 Rxb3 56. Rf8+ Kd7 57. Rf7+ Ke6 58. Rf5 Rxa3 59.
Re5+ Kd6 60. Nb6 Nf3+ 61. Kf2 Ra2+ 62. Kg3 Nxe5 63. dxe5+ Kxe5 64. h4 gxh4+ 65.
Kxh4 Kf6 66. Nd5+ Ke5 67. Nb6 Ke6 68. Kg5 Rb2 69. a5 Rb5+ 70. Kf4 Rxa5 71. Kxe4
Rg5 72. Kf4 Rb5 73. Na8 Kd7 74. g5 Rb8 75. Kf5 Rxa8 76. Kf6 Rg8 77. e4 Ke8 78.
e5 Kf8 79. e6 Rg7 80. g6 Ra7 81. Ke5 Kg7 82. Kd6 Kxg6 0-1

[Event "CAN-ch Seniors 50+"]
[Site "Guelph CAN"]
[Date "2019.08.03"]
[Round "3"]
[White "Litchfield, Gerry"]
[Black "Malakhovets, Sergey"]
[Result "0-1"]
[WhiteElo "1618"]
[BlackElo "2068"]
[PlyCount "50"]
[EventDate "2019.08.02"]
[EventType "swiss"]
[EventRounds "7"]
[EventCountry "CAN"]

1. b3 d5 2. Bb2 Bf5 3. Nf3 e6 4. e3 Nf6 5. d3 Nbd7 6. Be2 h6 7. Nbd2 Bd6 8. c4
O-O 9. cxd5 exd5 10. d4 Qe7 11. O-O c6 12. Re1 a5 13. a3 Rfe8 14. Nf1 Ne4 15.
N3d2 Qh4 16. Nxe4 dxe4 17. Qd2 Nf6 18. b4 Ng4 19. Bxg4 Bxg4 20. bxa5 Qg5 21.
Bc3 h5 22. Reb1 h4 23. Rxb7 Bf3 24. g3 Qg4 25. Qa2 Rf8 0-1

[Event "CAN-ch Seniors 50+"]
[Site "Guelph CAN"]
[Date "2019.08.04"]
[Round "4"]
[White "Gillanders, Robert"]
[Black "Litchfield, Gerry"]
[Result "1/2-1/2"]
[WhiteElo "1677"]
[BlackElo "1618"]
[PlyCount "110"]
[EventDate "2019.08.02"]
[EventType "swiss"]
[EventRounds "7"]
[EventCountry "CAN"]

1. d4 d5 2. c4 e6 3. Nf3 Nf6 4. g3 Be7 5. Bg2 O-O 6. O-O Nbd7 7. Nc3 c6 8. b3
Re8 9. Bb2 Bd6 10. cxd5 exd5 11. Qc2 Nf8 12. Rfe1 g6 13. Nh4 Ne6 14. Rad1 Ng7
15. e4 dxe4 16. Nxe4 Nxe4 17. Bxe4 Bg4 18. f3 Bh3 19. Qc3 Qb6 20. a3 Rad8 21.
Kh1 Qc7 22. f4 f5 23. Bg2 Rxe1+ 24. Rxe1 Bxg2+ 25. Kxg2 Re8 26. Rxe8+ Nxe8 27.
d5 Ng7 28. dxc6 Qxc6+ 29. Qxc6 bxc6 30. Nf3 Ne6 31. b4 Kf7 32. Kf2 Ke7 33. Ke2
h6 34. Kd3 g5 35. fxg5 hxg5 36. Be5 Bxe5 37. Nxe5 Kd6 38. Nc4+ Kd5 39. Ne3+ Ke5
40. a4 f4 41. Nc4+ Kd5 42. Nd2 fxg3 43. hxg3 a6 44. Nc4 c5 45. b5 axb5 46. axb5
g4 47. Ne3+ Kd6 48. Nxg4 Nd4 49. Kc4 Ne2 50. Ne5 Nxg3 51. Nf7+ Kc7 52. Kxc5
Ne4+ 53. Kb4 Kb6 54. Ne5 Nd6 55. Nd7+ Kc7 1/2-1/2

[Event "CAN-ch Seniors 50+"]
[Site "Guelph CAN"]
[Date "2019.08.05"]
[Round "6"]
[White "Clarke, Brian"]
[Black "Litchfield, Gerry"]
[Result "1-0"]
[WhiteElo "1565"]
[BlackElo "1618"]
[PlyCount "115"]
[EventDate "2019.08.02"]
[EventType "swiss"]
[EventRounds "7"]
[EventCountry "CAN"]

1. d4 d6 2. Bf4 Nd7 3. c3 g6 4. Nf3 Bg7 5. h3 e5 6. dxe5 dxe5 7. Bg3 Qe7 8. e4
Ngf6 9. Nbd2 O-O 10. Bc4 c6 11. O-O b5 12. Bb3 c5 13. c4 a6 14. Re1 Bb7 15. Qe2
Bc6 16. Rad1 h6 17. Qe3 Nh5 18. Bh2 Nf4 19. Bxf4 exf4 20. Qxf4 Ne5 21. Nxe5
Bxe5 22. Qxh6 Bg7 23. Qf4 Bxb2 24. Nf3 Rad8 25. Qg4 Kg7 26. cxb5 axb5 27. Bd5
Bd7 28. Qg5 Qxg5 29. Nxg5 c4 30. e5 Bf5 31. g4 Bc2 32. e6 Bxd1 33. Rxd1 c3 34.
e7 Rxd5 35. exf8=Q+ Kxf8 36. Rxd5 c2 37. Rc5 c1=Q+ 38. Rxc1 Bxc1 39. Ne4 Ke7
40. Nc3 Kd6 41. Nxb5+ Kc5 42. Nc3 Kb4 43. Ne2 Bb2 44. f4 f6 45. Kf2 Ka3 46. Ke3
Kxa2 47. Ke4 Ka3 48. h4 Kb4 49. h5 gxh5 50. gxh5 f5+ 51. Kxf5 Kc4 52. Ng3 Kd5
53. Ne4 Bc1 54. Ng5 Kd6 55. h6 Ke7 56. h7 Bb2 57. Kg6 Ba1 58. f5 1-0

[Event "CAN-ch Seniors 50+"]
[Site "Guelph CAN"]
[Date "2019.08.05"]
[Round "7"]
[White "Litchfield, Gerry"]
[Black "Marghetis, Aris"]
[Result "0-1"]
[WhiteElo "1618"]
[BlackElo "1886"]
[PlyCount "48"]
[EventDate "2019.08.02"]
[EventType "swiss"]
[EventRounds "7"]
[EventCountry "CAN"]

1. Nc3 g6 2. d4 Bg7 3. Bg5 c5 4. e3 Qb6 5. Nf3 cxd4 6. exd4 Nf6 7. a3 d6 8. Be2
Bd7 9. Qd2 e6 10. O-O-O Nc6 11. d5 Nxd5 12. Na4 Qa5 13. Qxa5 Nxa5 14. c4 Bxa4
15. cxd5 Rc8+ 16. Kb1 Bxd1 17. Bb5+ Kf8 18. Rxd1 h6 19. dxe6 hxg5 20. Rxd6 Rc7
21. Nxg5 f6 22. Nf7 Ke7 23. Nxh8 Kxd6 24. Nxg6 Kxe6 0-1

[Event "CAN-ch Seniors 50+"]
[Site "Kitchener CAN"]
[Date "2019.08.02"]
[Round "1"]
[White "Findlay, Ian"]
[Black "Marghetis, Aris"]
[Result "1-0"]
[WhiteElo "2335"]
[BlackElo "1886"]
[PlyCount "114"]
[EventDate "2019.08.02"]
[EventType "swiss"]
[EventRounds "7"]
[EventCountry "CAN"]

1. e4 d6 2. d4 Nf6 3. Nc3 g6 4. Be3 Bg7 5. Qd2 Nbd7 6. Nf3 c6 7. Bh6 O-O 8.
O-O-O Qa5 9. Kb1 Bxh6 10. Qxh6 Qh5 11. Qd2 Kg7 12. Bd3 b5 13. Ne2 e5 14. Ng3
Qg4 15. Qc3 Bb7 16. dxe5 dxe5 17. Nxe5 Nxe5 18. Qxe5 Rfe8 19. Qc5 Nd7 20. Qd4+
Ne5 21. h4 a5 22. h5 Qf4 23. Ne2 Qf6 24. f4 Ng4 25. e5 Qd8 26. Qg1 Qe7 27. Be4
Rad8 28. Qb6 f5 29. Bf3 Rb8 30. hxg6 hxg6 31. Rd6 Red8 32. Rhd1 Rxd6 33. exd6
Qd7 34. Bxg4 fxg4 35. Qd4+ Kg8 36. Ng3 c5 37. Qxc5 Bxg2 38. Qc7 Rd8 39. Qxa5
Bf3 40. Rd4 Rc8 41. Qd2 Rd8 42. f5 Kf7 43. Qg5 Rg8 44. Rf4 Qxd6 45. fxg6+ Ke8
46. Qxb5+ Bc6 47. Qe2+ Kd8 48. Rxg4 Re8 49. g7 Rxe2 50. g8=Q+ Re8 51. Qg5+ Kc7
52. b3 Re1+ 53. Kb2 Qd1 54. Rc4 Qa1+ 55. Ka3 Qh8 56. Qf4+ Re5 57. Rc5 Qd8 1-0

[Event "CAN-ch Seniors 50+"]
[Site "Kitchener CAN"]
[Date "2019.08.03"]
[Round "2"]
[White "Regis, Isaias"]
[Black "Findlay, Ian"]
[Result "0-1"]
[WhiteElo "2090"]
[BlackElo "2335"]
[PlyCount "88"]
[EventDate "2019.08.02"]
[EventType "swiss"]
[EventRounds "7"]
[EventCountry "CAN"]

1. e4 c5 2. Nf3 d6 3. d4 cxd4 4. Nxd4 Nf6 5. Nc3 g6 6. Bc4 Bg7 7. Be3 O-O 8. f3
Nc6 9. Qd2 Bd7 10. g4 Ne5 11. Bb3 Rc8 12. Bh6 Bxh6 13. Qxh6 Rxc3 14. bxc3 Qa5
15. Qd2 Rc8 16. O-O Rxc3 17. Rad1 Qc7 18. a4 Rc5 19. h3 a5 20. Qg2 Nc4 21. Qf2
h5 22. Rfe1 Kg7 23. Rd3 Nb2 24. Rde3 Nxa4 25. Qd2 Nb6 26. c3 a4 27. Ba2 Nc4 28.
Bxc4 Rxc4 29. g5 Nh7 30. h4 Nf8 31. f4 Ne6 32. Nxe6+ Bxe6 33. Qf2 Qc5 34. Kg2
b5 35. f5 gxf5 36. exf5 Bxf5 37. Rxe7 Rg4+ 38. Kf1 Bd3+ 39. R1e2 Qxf2+ 40. Kxf2
Bxe2 41. Kxe2 a3 42. Kd3 a2 43. Re1 Rxh4 44. Kc2 Ra4 0-1

[Event "CAN-ch Seniors 50+"]
[Site "Kitchener CAN"]
[Date "2019.08.03"]
[Round "3"]
[White "Findlay, Ian"]
[Black "Cummings, David"]
[Result "1/2-1/2"]
[WhiteElo "2335"]
[BlackElo "2415"]
[PlyCount "44"]
[EventDate "2019.08.02"]
[EventType "swiss"]
[EventRounds "7"]
[EventCountry "CAN"]

1. e4 e5 2. Nf3 Nc6 3. Bb5 a6 4. Bxc6 dxc6 5. O-O Bg4 6. h3 h5 7. d3 Qf6 8. Be3
Bxf3 9. Qxf3 Qxf3 10. gxf3 Ne7 11. f4 exf4 12. Bxf4 Kd7 13. Nd2 g5 14. Be3 Bg7
15. f4 gxf4 16. Rxf4 Rhg8 17. Kf2 f5 18. c3 Raf8 19. Rg1 b6 20. Ke2 Bh6 21.
Rff1 Bxe3 22. Kxe3 fxe4 1/2-1/2

[Event "CAN-ch Seniors 50+"]
[Site "Kitchener CAN"]
[Date "2019.08.04"]
[Round "4"]
[White "Findlay, Ian"]
[Black "Plotkin, Victor"]
[Result "1/2-1/2"]
[WhiteElo "2335"]
[BlackElo "2381"]
[PlyCount "65"]
[EventDate "2019.08.02"]
[EventType "swiss"]
[EventRounds "7"]
[EventCountry "CAN"]

1. e4 e5 2. Nf3 d6 3. d4 exd4 4. Nxd4 Nf6 5. Nc3 Be7 6. Bf4 O-O 7. Qd2 Nc6 8.
O-O-O Nxd4 9. Qxd4 a6 10. f3 Be6 11. g4 b5 12. Kb1 Nd7 13. h4 Bxh4 14. Qd2 g5
15. Be3 f6 16. Ne2 Ne5 17. Nd4 Qe7 18. Be2 Rf7 19. Nf5 Bxf5 20. gxf5 Kh8 21. b3
Rff8 22. Rdg1 Rg8 23. Rg2 Rg7 24. Bd4 c5 25. Bb2 Rag8 26. Rd1 Rd8 27. Qa5 Rgg8
28. Qxa6 b4 29. Rd5 h6 30. Rg1 Kh7 31. Rgd1 Nf7 32. Qd3 Bg3 33. f4 1/2-1/2

[Event "CAN-ch Seniors 50+"]
[Site "Kitchener CAN"]
[Date "2019.08.04"]
[Round "5"]
[White "Rek, Slava"]
[Black "Findlay, Ian"]
[Result "1/2-1/2"]
[WhiteElo "2342"]
[BlackElo "2335"]
[PlyCount "83"]
[EventDate "2019.08.02"]
[EventType "swiss"]
[EventRounds "7"]
[EventCountry "CAN"]

1. e4 c5 2. Nf3 d6 3. d4 cxd4 4. Nxd4 Nf6 5. Nc3 g6 6. Be3 Bg7 7. f3 Nc6 8. Qd2
O-O 9. g4 Be6 10. O-O-O Nxd4 11. Bxd4 Qa5 12. Kb1 Rfc8 13. Nd5 Qxd2 14. Rxd2
Nxd5 15. Bxg7 Nb4 16. a3 Ba2+ 17. Ka1 Nxc2+ 18. Kxa2 Kxg7 19. Rd3 Rc6 20. e5
dxe5 21. Rd7 e6 22. Rxb7 Rb6 23. Rxb6 axb6 24. Kb3 Nd4+ 25. Kb4 Rc8 26. Bd3
Nxf3 27. Kb5 Nd4+ 28. Kxb6 Rb8+ 29. Kc5 Rxb2 30. a4 Ra2 31. Kb4 f5 32. Bc4 Rb2+
33. Kc5 Kf6 34. a5 Nb3+ 35. Bxb3 Rxb3 36. gxf5 Ra3 37. Kb4 Ra2 38. fxg6 hxg6
39. Rf1+ Kg5 40. Rg1+ Kf5 41. Rf1+ Kg5 42. Rg1+ 1/2-1/2

[Event "CAN-ch Seniors 50+"]
[Site "Kitchener CAN"]
[Date "2019.08.05"]
[Round "6"]
[White "Barron, Michael"]
[Black "Findlay, Ian"]
[Result "0-1"]
[WhiteElo "2319"]
[BlackElo "2335"]
[PlyCount "80"]
[EventDate "2019.08.02"]
[EventType "swiss"]
[EventRounds "7"]
[EventCountry "CAN"]

1. e4 c5 2. c4 Nc6 3. Nc3 g6 4. g3 Bg7 5. Bg2 e6 6. Nge2 Nge7 7. O-O O-O 8. d3
d6 9. Bf4 Nd4 10. Nxd4 cxd4 11. Nb5 e5 12. Bd2 a6 13. Na3 Bd7 14. b4 b5 15. Qb3
Rc8 16. Rac1 Kh8 17. Rc2 f5 18. exf5 gxf5 19. Bb7 Rb8 20. Bxa6 bxc4 21. dxc4 e4
22. c5 dxc5 23. Rxc5 Qb6 24. Bb5 Be6 25. Bc4 Bd7 26. Nb5 Ng6 27. a4 f4 28. Bc1
Bh3 29. Re1 e3 30. fxe3 fxe3 31. Qd1 Qf6 32. Kh1 Qf2 33. Rg1 Rbd8 34. Rh5 Bc8
35. Rg2 Bb7 36. Bd5 Bxd5 37. Rxd5 Qf1+ 38. Qxf1 Rxf1+ 39. Rg1 Rxg1+ 40. Kxg1
Rxd5 0-1

[Event "CAN-ch Seniors 50+"]
[Site "Kitchener CAN"]
[Date "2019.08.05"]
[Round "7"]
[White "Findlay, Ian"]
[Black "Loadman, Ian"]
[Result "1-0"]
[WhiteElo "2335"]
[BlackElo "2083"]
[PlyCount "73"]
[EventDate "2019.08.02"]
[EventType "swiss"]
[EventRounds "7"]
[EventCountry "CAN"]

1. e4 e5 2. Nf3 Nc6 3. Bb5 a6 4. Bxc6 dxc6 5. O-O Bg4 6. h3 h5 7. d3 Qf6 8. Be3
Bxf3 9. Qxf3 Qxf3 10. gxf3 Bd6 11. Nd2 Ne7 12. Rfb1 Ng6 13. Kf1 f5 14. exf5 Nh4
15. Ke2 Nxf5 16. Rg1 Kd7 17. Rg5 Raf8 18. Rag1 Rf7 19. Ne4 h4 20. Rg6 Rb8 21.
c3 b6 22. R1g4 Re8 23. b4 Be7 24. Rg1 Ra8 25. Nd2 Bd6 26. Nc4 Rb8 27. R1g4 Rf6
28. R6g5 Re8 29. Rh5 Rf7 30. Re4 b5 31. Nd2 Be7 32. Rh7 Bd6 33. Bg5 Be7 34. Rg4
Bxg5 35. Rxg5 Kc8 36. Rg6 Kb7 37. Nb3 1-0

[Event "CAN-ch Seniors 65+"]
[Site "Geulph CAN"]
[Date "2019.08.03"]
[Round "2"]
[White "Ford, Lewis"]
[Black "Verny, Thomas"]
[Result "0-1"]
[WhiteElo "1051"]
[BlackElo "1600"]
[PlyCount "40"]
[EventDate "2019.08.02"]
[EventType "swiss"]
[EventRounds "7"]
[EventCountry "CAN"]

1. e4 c5 2. d4 cxd4 3. c3 Nf6 4. Bd3 Nc6 5. Nf3 dxc3 6. Nxc3 e5 7. Bg5 h6 8.
Bh4 Be7 9. h3 O-O 10. O-O d6 11. Nd5 Nxd5 12. exd5 Nb4 13. Qe2 Bxh4 14. Nxh4
Qxh4 15. Qe4 Qxe4 16. Bxe4 f5 17. Bf3 Bd7 18. Rfc1 Rac8 19. a3 Nd3 20. Rab1
Rxc1+ 0-1

[Event "CAN-ch Seniors 65+"]
[Site "Geulph CAN"]
[Date "2019.08.03"]
[Round "3"]
[White "Verny, Thomas"]
[Black "Glew, Richard"]
[Result "1/2-1/2"]
[WhiteElo "1600"]
[BlackElo "1755"]
[PlyCount "67"]
[EventDate "2019.08.02"]
[EventType "swiss"]
[EventRounds "7"]
[EventCountry "CAN"]

1. Nf3 c5 2. c4 g6 3. e4 Bg7 4. Nc3 Nc6 5. d3 d6 6. Be2 Nf6 7. O-O O-O 8. Bg5
h6 9. Bd2 Bd7 10. Qc1 Kh7 11. Nd5 e6 12. Nxf6+ Qxf6 13. Bc3 e5 14. Bd2 Qe7 15.
Ne1 Nd4 16. Bd1 f5 17. f3 b5 18. Nc2 bxc4 19. Nxd4 exd4 20. Qxc4 Rab8 21. Bb3
Bb5 22. Qc2 Be5 23. exf5 Rxf5 24. f4 Bg7 25. Rae1 Qc7 26. Be6 Rff8 27. f5 g5
28. b3 Be5 29. Bd5 Bc6 30. Bxc6 Qxc6 31. Qd1 Qd7 32. Qg4 Rf6 33. Rf3 Rbf8 34.
Ref1 1/2-1/2

[Event "CAN-ch Seniors 65+"]
[Site "Geulph CAN"]
[Date "2019.08.04"]
[Round "4"]
[White "Lee, Mau Seng"]
[Black "Verny, Thomas"]
[Result "0-1"]
[WhiteElo "1765"]
[BlackElo "1600"]
[PlyCount "58"]
[EventDate "2019.08.02"]
[EventType "swiss"]
[EventRounds "7"]
[EventCountry "CAN"]

1. e4 c5 2. e5 Nc6 3. f4 d6 4. Nf3 Bg4 5. Bb5 Qb6 6. Nc3 O-O-O 7. h3 Bxf3 8.
Qxf3 Nd4 9. Qg4+ Kb8 10. Ba4 Nh6 11. Qh4 Nhf5 12. Qf2 e6 13. d3 Be7 14. g3 d5
15. Bb3 h5 16. Bd2 c4 17. Na4 Qc6 18. Bc3 Nb5 19. Ba5 Rc8 20. dxc4 dxc4 21. Rh2
cxb3 22. axb3 Qe4+ 23. Kf1 Nbd4 24. Nc3 Qf3 25. Qxf3 Nxf3 26. Rf2 N3d4 27. Rd1
b6 28. g4 hxg4 29. hxg4 Ne3+ 0-1

[Event "CAN-ch Seniors 65+"]
[Site "Geulph CAN"]
[Date "2019.08.04"]
[Round "5"]
[White "Gregg, Alan"]
[Black "Verny, Thomas"]
[Result "1-0"]
[WhiteElo "1863"]
[BlackElo "1600"]
[PlyCount "109"]
[EventDate "2019.08.02"]
[EventType "swiss"]
[EventRounds "7"]
[EventCountry "CAN"]

1. d4 Nf6 2. c4 e6 3. Nf3 c5 4. e3 d5 5. Nc3 cxd4 6. exd4 Nc6 7. b3 Bb4 8. Bd2
dxc4 9. bxc4 O-O 10. Rb1 Qa5 11. Qb3 Rd8 12. Be2 Qc7 13. O-O a6 14. Rfd1 Be7
15. d5 exd5 16. cxd5 Na5 17. Qa4 b5 18. Qd4 Nc6 19. Qf4 Bd6 20. Qh4 Ne7 21. Bd3
Nf5 22. Bxf5 Bxf5 23. Rbc1 Ba3 24. Nxb5 Qb7 25. Nxa3 Qxd5 26. Qc4 Qe6 27. Qb4
Qd6 28. Nd4 Qd7 29. Nxf5 Qxf5 30. Be3 Re8 31. Nc4 Ng4 32. h3 Nxe3 33. Nxe3 Qg6
34. Qb7 Rab8 35. Qd7 h5 36. Qd6 Qg5 37. Qxa6 Rb2 38. Qc6 Re6 39. Qa8+ Kh7 40.
Rf1 Rb5 41. a4 Ra5 42. Qf3 Rf6 43. Qe4+ g6 44. Ra1 Rf4 45. Qc2 Rf3 46. Kh1 Qh4
47. Qc7 Rxh3+ 48. gxh3 Qxh3+ 49. Qh2 Qf3+ 50. Qg2 Qf6 51. f4 Qd4 52. Qf3 Rc5
53. a5 Rc3 54. Rfe1 Rxe3 55. Qxe3 1-0

[Event "CAN-ch Seniors 65+"]
[Site "Geulph CAN"]
[Date "2019.08.05"]
[Round "6"]
[White "Verny, Thomas"]
[Black "Benggawan, Undriadi"]
[Result "1/2-1/2"]
[WhiteElo "1600"]
[BlackElo "1572"]
[PlyCount "91"]
[EventDate "2019.08.02"]
[EventType "swiss"]
[EventRounds "7"]
[EventCountry "CAN"]

1. Nf3 d5 2. d4 c5 3. e3 Bg4 4. h3 Bxf3 5. Qxf3 Nf6 6. c4 e6 7. Nc3 cxd4 8.
exd4 Nc6 9. Be3 Bb4 10. a3 Qa5 11. Rc1 Be7 12. Bd3 O-O 13. O-O Rad8 14. cxd5
exd5 15. Qg3 Bd6 16. Qh4 Ne7 17. Bf4 Ng6 18. Bxg6 fxg6 19. Bxd6 Rxd6 20. Rfe1
a6 21. f3 b5 22. Qf2 Qd8 23. Re2 Nh5 24. Re5 Nf4 25. Rd1 Rf5 26. Rxf5 gxf5 27.
Qe3 g5 28. Kf2 Re6 29. Qd2 Qe8 30. h4 h6 31. hxg5 hxg5 32. Rh1 Qd8 33. g3 Ng6
34. Rh5 f4 35. gxf4 Nxf4 36. Rh1 Qf6 37. Rf1 Qh6 38. Kg1 Qh4 39. Qh2 Ne2+ 40.
Nxe2 Qxh2+ 41. Kxh2 Rxe2+ 42. Kg3 Kg7 43. Rf2 Rxf2 44. Kxf2 Kf6 45. b4 Ke6 46.
Ke2 1/2-1/2

[Event "CAN-ch Seniors 65+"]
[Site "Geulph CAN"]
[Date "2019.08.05"]
[Round "7"]
[White "Verny, Thomas"]
[Black "Kiss, Istvan"]
[Result "1/2-1/2"]
[WhiteElo "1600"]
[BlackElo "1787"]
[PlyCount "79"]
[EventDate "2019.08.02"]
[EventType "swiss"]
[EventRounds "7"]
[EventCountry "CAN"]

1. d4 Nf6 2. c4 e5 3. dxe5 Ng4 4. Nf3 Nc6 5. h3 Ngxe5 6. Nxe5 Nxe5 7. e3 Bc5 8.
Nc3 a6 9. Be2 O-O 10. O-O d6 11. Ne4 Ba7 12. Ng3 Qh4 13. b3 Bd7 14. Bb2 Rad8
15. Bxe5 dxe5 16. Qc2 Bxe3 17. Nf5 Bxf5 18. Qxf5 Bd4 19. Rad1 Rd6 20. Bf3 Rf6
21. Qg4 Qh6 22. Qh5 Qxh5 23. Bxh5 c5 24. Bf3 Re8 25. Rde1 b6 26. Re2 Rfe6 27.
Bd5 R6e7 28. Kh1 e4 29. g3 g6 30. Kg2 Kg7 31. Bc6 Rb8 32. Rxe4 Rxe4 33. Bxe4
Re8 34. Kf3 b5 35. Bc6 Rb8 36. Bd5 Rb6 37. Kg2 Rf6 38. f3 bxc4 39. Bxc4 a5 40.
a4 1/2-1/2

[Event "CAN-ch U1600"]
[Site "Kingston CAN"]
[Date "2019.04.18"]
[Round "1.40"]
[White "Hua, Gary"]
[Black "Li, Allen"]
[Result "1-0"]
[WhiteElo "1582"]
[BlackElo "1262"]
[PlyCount "41"]
[EventDate "2019.04.18"]
[EventType "swiss"]
[EventRounds "9"]
[EventCountry "CAN"]

1. c4 Nf6 2. g3 g6 3. Bg2 Bg7 4. Nc3 O-O 5. d3 c5 6. e4 Nc6 7. Nge2 d6 8. O-O
e5 9. h3 Be6 10. Kh2 Rb8 11. f4 exf4 12. Bxf4 Nh5 13. Be3 Ne5 14. Qd2 a6 15. a4
Nf6 16. Bg5 Ned7 17. Nf4 Qc7 18. Rf2 Ne5 19. Bxf6 Bxf6 20. Nfd5 Bxd5 21. Nxd5
1-0

[Event "CAN-ch U1600"]
[Site "Kingston CAN"]
[Date "2019.04.18"]
[Round "1.41"]
[White "De Leon, Raf Adrik"]
[Black "Wang, Rachel"]
[Result "0-1"]
[WhiteElo "1247"]
[BlackElo "1528"]
[PlyCount "92"]
[EventDate "2019.04.18"]
[EventType "swiss"]
[EventRounds "9"]
[EventCountry "CAN"]

1. Nf3 Nf6 2. c4 c5 3. d4 cxd4 4. Nxd4 e5 5. Nb3 Nc6 6. Nc3 b6 7. Bg5 Be7 8. e3
Bb7 9. Be2 O-O 10. O-O Rc8 11. Rc1 Ne8 12. Bxe7 Qxe7 13. Nd5 Qg5 14. e4 f5 15.
Rc3 fxe4 16. Rg3 Qd8 17. Bh5 Ne7 18. Bxe8 Qxe8 19. Qg4 Ng6 20. h4 Bxd5 21. cxd5
Rf4 22. Qe2 Rxh4 23. Rg4 Nf4 24. Qd1 Qh5 25. Rxh4 Ne2+ 26. Qxe2 Qxe2 27. Rh3
Qxb2 28. Re1 Rc2 29. Rxe4 Rxf2 30. Rg4 Rf7 31. Kh1 Qxa2 32. Rgg3 Qb1+ 33. Kh2
Qe4 34. Nd2 Qxd5 35. Rd3 Qe6 36. Ne4 h6 37. Rd6 Qc4 38. Re3 Rf4 39. Nd2 Rh4+
40. Kg1 Qc5 41. Rdd3 Rd4 42. Rc3 Qb4 43. Nf3 Rc4 44. Rb3 Qc5 45. Kh2 e4 46. Nd2
Qd6+ 0-1